000 00195 a2200097 4500
020 _a9788424178291
041 _aspa
100 _aANTONIO SALAS XIMELIS
245 _aLA HISTORIA DE NOE
942 _cBK
999 _c3868
_d3868